000 00470nam a22001457a 4500
020 _qPB.
040 _cFIZZA ISHAQ
082 _a150
_bROB
100 _aCALLMc,B.ROBERT.
_9132261
245 _aSTUDY GUIDE WITH PROGRAMED UNITS AND LEARNING OBJECTS TO ACCOMPANY KAGAN AND HAVEMANN'S PSYCHOLOGY AN INTRODUCTION /
_cROBERT B.McCALL.
250 _a4TH ED.
260 _aNEW YORK ;
_bHARCOURT BRACE JOVANOVICH,
_c1980.
300 _a202 P. ;
_c10.9X8.1IN
942 _2ddc
_cBK
999 _c615505
_d615505